San Juan de la Cruz y el problema de la experiencia mística / (Record no. 8298)

MARC details
000 -LEADER
campo de control de longitud fija 00915nam a2200253 i 4500
001 - NÚMERO DE CONTROL
campo de control 8298
003 - IDENTIFICADOR DE NÚMERO DE CONTROL
campo de control ES-MaACL
005 - FECHA Y HORA DE LA ÚLTIMA TRANSACCIÓN
campo de control 20230906145428.0
007 - CAMPO FIJO DE DESCRIPCIÓN FÍSICA--INFORMACIÓN GENERAL
campo de control de longitud fija t|
008 - DATOS DE LONGITUD FIJA--INFORMACIÓN GENERAL
campo de control de longitud fija 920430s1991 sp ||||1| spa d
020 ## - NÚMERO INTERNACIONAL ESTÁNDAR DEL LIBRO
Número Internacional Estándar del Libro 84-7846-093-4
080 ## - NÚMERO DE LA CLASIFICACIÓN DECIMAL UNIVERSAL
Número de la Clasificación Decimal Universal 86(Juan de la Cruz,S.1.06)
080 ## - NÚMERO DE LA CLASIFICACIÓN DECIMAL UNIVERSAL
Número de la Clasificación Decimal Universal 92 Juan de la Cruz, Santo
080 ## - NÚMERO DE LA CLASIFICACIÓN DECIMAL UNIVERSAL
Número de la Clasificación Decimal Universal 235.3:92 Juan de la Cruz, Santo
100 1# - ENTRADA PRINCIPAL--NOMBRE DE PERSONA
Nombre de persona Baruzi, Jean.
9 (RLIN) 26215
245 10 - MENCIÓN DEL TÍTULO
Título San Juan de la Cruz y el problema de la experiencia mística /
Mención de responsabilidad, etc. Jean Baruzi.
260 ## - PUBLICACIÓN, DISTRIBUCIÓN, ETC.
Lugar de publicación, distribución, etc. [S.l.] :
Nombre del editor, distribuidor, etc. Junta de Castilla y León, Consejería de Cultura y Turismo,
Fecha de publicación, distribución, etc. D.L. 1991.
300 ## - DESCRIPCIÓN FÍSICA
Extensión 724 p. ;
Dimensiones 24 cm.
500 ## - NOTA GENERAL
Nota general Bibliogr.: p. 691-712.
600 14 - PUNTO DE ACCESO ADICIONAL DE MATERIA--NOMBRE DE PERSONA
Nombre de persona Juan de la Cruz
Títulos y otros términos asociados al nombre Santo-
Subdivisión general Biografías.
9 (RLIN) 67111
600 14 - PUNTO DE ACCESO ADICIONAL DE MATERIA--NOMBRE DE PERSONA
Nombre de persona Juan de la Cruz
Títulos y otros términos asociados al nombre Santo-
Subdivisión general Crítica e interpretación.
9 (RLIN) 67112
710 1# - ENTRADA AGREGADA--NOMBRE DE ENTIDAD CORPORATIVA
Nombre de entidad corporativa o nombre de jurisdicción como elemento de entrada Castilla y León.
Unidad subordinada Consejería de Cultura y Turismo.
9 (RLIN) 2499
852 ## - LOCALIZACIÓN
Ubicación ES-MaACL
Número de control de estantería L-15676
Sublocalización o colección R.120140
Holdings
Estatus retirado Estado de pérdida Estado de daño No para préstamo Biblioteca de origen Biblioteca actual Ubicación en estantería Fecha de adquisición Fuente de adquisición Total de préstamos Signatura topográfica completa Código de barras Visto por última vez Precio de reemplazo Tipo de ítem Koha
        Biblioteca del Ateneo de Madrid Biblioteca del Ateneo de Madrid Depósito 2 17/01/2008     L-15676 1008470 23/02/2023 23/02/2023 Libro impreso